[Event "36th Balaton IM 2018"]
[Site "Balatonlelle"]
[Date "2018.06.16"]
[Round "5"]
[White "Urh, Zala"]
[Black "Gorti, Akshita"]
[Result "1/2-1/2"]
[WhiteElo "2248"]
[BlackElo "2258"]
[Annotator "NA"]
[PlyCount "54"]
[EventDate "2018.06.12"]
[EventType "swiss"]
[EventCountry "HUN"]
[SourceTitle "playchess.com"]
[Source "ChessBase"]
[SourceQuality "1"]
[TimeControl "40/5400+30:1800+30"]

1. e4 {[%emt 0:00:05]} e6 {[%emt 0:00:44]} 2. d4 {[%emt 0:00:22]} d5 {[%emt 0:00:08]} 3. Nc3 {[%emt 0:01:10]} Bb4 {[%emt 0:00:09]} 4. e5 {[%emt 0:00:24]} c5 {[%emt 0:00:00]} 5. Bd2 {[%emt 0:00:41]} Nh6 {[%emt 0:00:51]} 6. Nf3 {[%emt 0:08:54]} Nf5 {[%emt 0:02:05]} 7. dxc5 {[%emt 0:12:16]} Bxc5 {[%emt 0:03:43]} 8. Bd3 {[%emt 0:03:30]} h6 {[%emt 0:08:52]} 9. O-O {[%emt 0:07:21]} Nc6 {[%emt 0:01:21]} 10. Qe2 {[%emt 0:07:40]} O-O {[%emt 0:01:50]} 11. Rad1 {[%emt 0:00:49]} Nh4 {[%emt 0:11:51]} 12. Bf4 {[%emt 0:08:43]} Bd7 {[%emt 0:04:54]} 13. Rfe1 {[%emt 0:07:26]} a6 {[%emt 0:09:54]} 14. g3 {[%emt 0:05:42]} Nxf3+ {[%emt 0:03:28]} 15. Qxf3 {[%emt 0:00:08]} Nd4 {[%emt 0:06:40]} 16. Qh5 {[%emt 0:09:12]} f5 {[%emt 0:05:15]} 17. exf6 {[%emt 0:18:06]} Qxf6 {[%emt 0:10:05]} 18. Nxd5 {[%emt 0:00:18]} exd5 {[%emt 0:00:40]} 19. Qxd5+ {[%emt 0:00:01]} Kh8 {[%emt 0:01:39]} 20. Qxd7 {[%emt 0:01:12]} Nf3+ {[%emt 0:00:13]} 21. Kg2 {[%emt 0:00:29]} Nxe1+ {[%emt 0:04:07]} 22. Rxe1 {[%emt 0:00:01]} Qd4 {[%emt 0:03:28]} 23. Qxd4 {[%emt 0:02:29]} Bxd4 {[%emt 0:00:01]} 24. Re7 {[%emt 0:00:41]} b5 {[%emt 0:01:15]} 25. b3 {[%emt 0:01:08]} Rfe8 {[%emt 0:01:59]} 26. Rd7 {[%emt 0:01:29]} Bf6 {[%emt 0:02:22]} 27. Rd6 {[%emt 0:00:44]} Red8 {[%emt 0:01:40]} 1/2-1/2

[Event "36th Balaton IM 2018"]
[Site "Balatonlelle"]
[Date "2018.06.18"]
[Round "7"]
[White "Saber, Yasser"]
[Black "McPhillips, Joseph"]
[Result "0-1"]
[WhiteElo "2266"]
[BlackElo "2399"]
[Annotator "NA"]
[PlyCount "68"]
[EventDate "2018.06.12"]
[EventType "swiss"]
[EventCountry "HUN"]
[SourceTitle "playchess.com"]
[Source "ChessBase"]
[SourceQuality "1"]
[TimeControl "40/5400+30:1800+30"]

1. d4 {[%emt 0:00:07]} Nf6 {[%emt 0:00:59]} 2. c4 {[%emt 0:00:02]} e6 {[%emt 0:00:19]} 3. Nc3 {[%emt 0:00:12]} Bb4 {[%emt 0:00:10]} 4. e3 {[%emt 0:00:15]} O-O {[%emt 0:00:17]} 5. Bd3 {[%emt 0:00:12]} d5 {[%emt 0:00:54]} 6. Nf3 {[%emt 0:00:09]} c5 {[%emt 0:00:17]} 7. O-O {[%emt 0:00:06]} Nc6 {[%emt 0:00:07]} 8. a3 {[%emt 0:00:05]} Ba5 {[%emt 0:00:20]} 9. dxc5 {[%emt 0:10:08]} Bxc3 {[%emt 0:04:48]} 10. bxc3 {[%emt 0:00:03]} dxc4 {[%emt 0:03:33]} 11. Bxc4 {[%emt 0:00:04]} Qa5 {[%emt 0:00:09]} 12. Qc2 $11 {[%emt 0:28:25]} Qxc5 {[%emt 0:02:11]} 13. Bd3 {[%emt 0:00:23]} b6 {[%emt 0:19:57]} 14. Bb2 {[%emt 0:02:55]} Bb7 {[%emt 0:05:29]} 15. c4 {[%emt 0:00:42]} Qh5 {[%emt 0:00:45]} 16. Be2 {[%emt 0:12:06]} Rac8 {[%emt 0:08:53]} 17. Rfd1 {[%emt 0:03:02]} Na5 {[%emt 0:03:28]} 18. Rd4 {[%emt 0:02:16]} Bxf3 {[%emt 0:03:53]} 19. Bxf3 {[%emt 0:00:04]} Qg6 {[%emt 0:00:03]} 20. Qc3 {[%emt 0:16:12]} e5 {[%emt 0:08:40]} 21. Rh4 {[%emt 0:00:08]} Rc5 {[%emt 0:00:04]} 22. Rd1 {[%emt 0:08:26]} Qg5 {[%emt 0:05:27]} 23. g3 {[%emt 0:01:01]} Qf5 {[%emt 0:00:18]} 24. Bd5 {[%emt 0:02:45]} Re8 {[%emt 0:04:51]} 25. e4 {[%emt 0:02:05]} Qc8 {[%emt 0:00:36]} 26. Rc1 {[%emt 0:02:53]} h6 {[%emt 0:07:20]} 27. f4 {[%emt 0:00:50]} Nxd5 {[%emt 0:01:08]} 28. exd5 {[%emt 0:00:18]} Rxc4 {[%emt 0:01:01]} 29. Qe3 {[%emt 0:03:21]} exf4 {[%emt 0:00:54]} 30. Rxc4 {[%emt 0:03:34]} Nxc4 {[%emt 0:00:16]} 31. Qd4 {[%emt 0:01:33]} Nxb2 {[%emt 0:00:14]} 32. Rxf4 {[%emt 0:00:37]} Qc5 {[%emt 0:02:10]} 33. d6 {[%emt 0:00:58]} Nd3 {[%emt 0:00:59]} 34. d7 {[%emt 0:00:23]} Rd8 {[%emt 0:00:05]} 0-1

[Event "36th Balaton IM 2018"]
[Site "Balatonlelle"]
[Date "2018.06.18"]
[Round "7"]
[White "Urh, Zala"]
[Black "Moksh Amit Doshi"]
[Result "0-1"]
[WhiteElo "2248"]
[BlackElo "2203"]
[Annotator "NA"]
[PlyCount "136"]
[EventDate "2018.06.12"]
[EventType "swiss"]
[EventCountry "HUN"]
[SourceTitle "playchess.com"]
[Source "ChessBase"]
[SourceQuality "1"]
[TimeControl "40/5400+30:1800+30"]

1. d4 {[%emt 0:03:45]} Nf6 {[%emt 0:00:54]} 2. c4 {[%emt 0:00:42]} g6 {[%emt 0:00:09]} 3. Nc3 {[%emt 0:00:09]} d5 {[%emt 0:00:07]} 4. Nf3 {[%emt 0:00:36]} Bg7 {[%emt 0:00:07]} 5. Qb3 {[%emt 0:00:18]} dxc4 {[%emt 0:00:10]} 6. Qxc4 {[%emt 0:00:09]} O-O {[%emt 0:00:20]} 7. e4 {[%emt 0:00:12]} a6 {[%emt 0:00:15]} 8. Be2 {[%emt 0:01:19]} b5 {[%emt 0:00:12]} 9. Qb3 {[%emt 0:00:15]} c5 {[%emt 0:00:34]} 10. dxc5 {[%emt 0:00:30]} Be6 {[%emt 0:00:38]} 11. Qc2 {[%emt 0:02:40] D97: Grünfeldindisch (Russisches System, Ragosin-Variante)} Nbd7 {[%emt 0:03:58]} 12. Be3 {[%emt 0:04:22]} Rc8 $1 {[%emt 0:00:05]} 13. Rd1 {[%emt 0:07:37]} b4 {[%emt 0:00:09] LiveBook: 81 Games} 14. Na4 {[%emt 0:09:23]} (14. Nd5 Bxd5 15. exd5 Nxc5 16. O-O Nce4 17. Qd3 Qd6 18. Qxa6 Rc2 {½-½ (67) Giri,A (2755)-Nepomniachtchi,I (2740) Moscow 2016}) 14... Qa5 {[%emt 0:00:21]} 15. b3 {[%emt 0:01:11]} Ng4 {[%emt 0:11:42]} 16. Bd4 {[%emt 0:01:56]} Bxd4 {[%emt 0:01:37]} 17. Nxd4 {[%emt 0:03:48]} Nxc5 {[%emt 0:00:58]} 18. Nxc5 {[%emt 0:01:17]} Rxc5 {[%emt 0:00:09]} 19. Qd2 $146 {[%emt 0:05:47]} Nf6 {[%emt 0:02:28]} 20. Nxe6 {[%emt 0:05:45]} fxe6 {[%emt 0:00:13]} 21. f3 {[%emt 0:02:51]} e5 {[%emt 0:17:44]} 22. Bc4+ {[%emt 0:03:43]} Kg7 {[%emt 0:00:17]} 23. O-O {[%emt 0:00:29]} Rc7 {[%emt 0:08:14]} 24. Qe3 {[%emt 0:05:59]} Rd7 {[%emt 0:13:42]} 25. Be6 {[%emt 0:26:58]} Rxd1 {[%emt 0:08:41]} 26. Rxd1 {[%emt 0:00:01]} Qc7 {[%emt 0:01:16]} 27. Bc4 {[%emt 0:01:19]} a5 {[%emt 0:00:29]} 28. Qd2 {[%emt 0:01:11]} Rb8 {[%emt 0:02:20]} 29. Qd3 {[%emt 0:01:41]} Kf8 {[%emt 0:04:41]} 30. g3 {[%emt 0:00:42]} Qb6+ {[%emt 0:02:09]} 31. Kg2 {[%emt 0:00:08]} Kg7 {[%emt 0:01:03]} 32. Qd2 {[%emt 0:00:41]} Ra8 {[%emt 0:01:36]} 33. Qf2 {[%emt 0:01:51]} Qc7 {[%emt 0:00:41]} 34. Qd2 {[%emt 0:00:46]} Rb8 {[%emt 0:01:01]} 35. Qd3 {[%emt 0:01:40]} Rb6 {[%emt 0:02:23]} 36. Qd8 {[%emt 0:00:51]} Qxd8 {[%emt 0:00:05]} 37. Rxd8 {[%emt 0:00:06]} Rd6 {[%emt 0:00:05]} 38. Rxd6 {[%emt 0:02:23]} exd6 {[%emt 0:00:06]} 39. Kf2 {[%emt 0:00:34]} Nd7 {[%emt 0:02:02]} 40. Bb5 {[%emt 0:00:00]} Nc5 {[%emt 0:00:43]} 41. Ke3 {[%emt 0:06:40]} g5 {[%emt 0:02:55]} 42. Bc4 {[%emt 0:04:45]} Kf6 {[%emt 0:00:19]} 43. Bd5 {[%emt 0:00:59]} h5 {[%emt 0:02:43]} 44. h3 {[%emt 0:03:44]} h4 {[%emt 0:00:22]} 45. gxh4 {[%emt 0:07:00]} gxh4 {[%emt 0:00:08]} 46. Bc4 {[%emt 0:08:16]} Kg5 {[%emt 0:01:16]} 47. Bd5 {[%emt 0:00:01]} Nd7 {[%emt 0:02:02]} 48. Be6 {[%emt 0:00:16]} Nf6 $11 {[%emt 0:01:21]} 49. Bf7 {[%emt 0:00:49]} Nh7 {[%emt 0:00:50]} 50. Be6 {[%emt 0:00:16]} Nf8 {[%emt 0:01:26]} 51. Bg4 {[%emt 0:03:10]} Ng6 {[%emt 0:00:32]} 52. Kd3 {[%emt 0:00:50]} Nf4+ {[%emt 0:00:05]} 53. Kc4 {[%emt 0:00:31]} Ne2 {[%emt 0:00:28]} 54. Kb5 {[%emt 0:01:43]} Nc3+ {[%emt 0:00:15]} 55. Kxa5 {[%emt 0:00:11]} Nxa2 {[%emt 0:00:03]} 56. Kb5 {[%emt 0:00:17]} Kf4 {[%emt 0:00:18]} 57. Kc4 {[%emt 0:00:20]} Ke3 {[%emt 0:00:55]} 58. Kd5 {[%emt 0:02:17]} Nc1 {[%emt 0:00:37]} 59. Kxd6 {[%emt 0:00:17]} Nxb3 {[%emt 0:00:25]} 60. Kxe5 {[%emt 0:00:02]} Nd4 {[%emt 0:02:07]} 61. Kf6 {[%emt 0:01:55]} b3 {[%emt 0:00:29]} 62. e5 {[%emt 0:00:12]} b2 {[%emt 0:00:13]} 63. e6 {[%emt 0:00:06]} b1=Q {[%emt 0:01:41]} 64. e7 {[%emt 0:00:04]} Qb8 {[%emt 0:02:21]} 65. Kf7 {[%emt 0:01:06]} Qf4+ {[%emt 0:00:08]} 66. Kg8 {[%emt 0:00:57]} Qg5+ {[%emt 0:00:34]} 67. Kf7 {[%emt 0:00:07]} Qd5+ {[%emt 0:00:20]} 68. Kf8 {[%emt 0:00:45]} Ne6+ {[%emt 0:00:12]} 0-1

[Event "36th Balaton IM 2018"]
[Site "Balatonlelle"]
[Date "2018.06.18"]
[Round "7"]
[White "Gungl, Theo"]
[Black "Gorti, Akshita"]
[Result "1/2-1/2"]
[WhiteElo "2237"]
[BlackElo "2258"]
[Annotator "NA"]
[PlyCount "62"]
[EventDate "2018.06.12"]
[EventType "swiss"]
[EventCountry "HUN"]
[SourceTitle "playchess.com"]
[Source "ChessBase"]
[SourceQuality "1"]
[TimeControl "40/5400+30:1800+30"]

1. e4 {[%emt 0:00:02]} e6 {[%emt 0:00:39]} 2. d4 {[%emt 0:00:05]} d5 {[%emt 0:00:06]} 3. Nd2 {[%emt 0:00:06]} c5 {[%emt 0:00:06]} 4. exd5 {[%emt 0:00:39]} exd5 {[%emt 0:00:10]} 5. Bb5+ {[%emt 0:00:25]} Nc6 {[%emt 0:00:28]} 6. Ngf3 {[%emt 0:00:21]} cxd4 {[%emt 0:00:14]} 7. O-O {[%emt 0:09:11]} Bd6 {[%emt 0:00:27]} 8. Nb3 {[%emt 0:01:58]} Nge7 {[%emt 0:01:21]} 9. Nbxd4 {[%emt 0:01:57]} O-O {[%emt 0:00:37]} 10. h3 {[%emt 0:06:31]} Bd7 {[%emt 0:04:33] LiveBook: 5 Games C09: French Tarrasch: 3...c5 4 exd5 exd5 5 Ngf3 Nc6} (10... Re8 11. c3 a6 12. Bd3 Nxd4 13. Nxd4 Nc6 14. Nf3 Bc7 15. Bg5 Qd6 16. Bh4 Qh6 17. Bc2 Be6 18. Bg3 Bxg3 19. fxg3 {1-0 (59) Caruana,F (2709)-Short,N (2680) Reggio Emilia 2010}) 11. c3 {[%emt 0:02:21]} Re8 {[%emt 0:09:00]} 12. Re1 {[%emt 0:08:24]} Rc8 $146 {[%emt 0:06:57]} ({Predecessor:} 12... Ng6 13. Rxe8+ Qxe8 14. Bd3 Nce5 15. Bf1 Rd8 16. Nxe5 Bxe5 17. Nf3 Bb8 18. Bg5 {0-1 (61) Hager,F (2295)-Schmidt,P (2425) Werfen 1992}) 13. Be3 {[%emt 0:03:40]} Bb8 {[%emt 0:04:39]} 14. Bd3 {[%emt 0:01:11]} Ng6 {[%emt 0:04:36]} 15. Qd2 {[%emt 0:01:58]} Nce5 {[%emt 0:05:08]} 16. Bxg6 {[%emt 0:07:39]} Nxg6 {[%emt 0:01:11]} 17. Rad1 {[%emt 0:00:48]} Qc7 {[%emt 0:02:41]} 18. Qd3 {[%emt 0:11:42]} Nf4 {[%emt 0:15:02]} 19. Bxf4 {[%emt 0:05:30]} Qxf4 {[%emt 0:00:08]} 20. Ne2 {[%emt 0:03:44]} Qc7 {[%emt 0:02:05]} 21. Ng3 Bc6 {[%emt 0:03:32]} 22. Qd4 {[%emt 0:05:47]} Qf4 {[%emt 0:09:13]} 23. Qxf4 {[%emt 0:02:33]} Bxf4 {[%emt 0:00:05]} 24. Ne2 {[%emt 0:00:55]} Bc7 {[%emt 0:00:51]} 25. Ned4 {[%emt 0:00:05]} g6 {[%emt 0:00:52]} 26. Kf1 {[%emt 0:00:59]} Kg7 {[%emt 0:00:36]} 27. Rxe8 {[%emt 0:04:49]} Rxe8 {[%emt 0:00:29]} 28. Re1 {[%emt 0:05:07]} Rxe1+ {[%emt 0:01:42]} 29. Kxe1 {[%emt 0:00:02]} Bd7 {[%emt 0:00:28]} 30. Ke2 {[%emt 0:00:38]} Kf6 {[%emt 0:00:55]} 31. Ke3 {[%emt 0:02:02]} Bb6 $11 {[%emt 0:00:48] Ke4 Ke5+} 1/2-1/2

[Event "36th Balaton IM 2018"]
[Site "Balatonlelle"]
[Date "2018.06.19"]
[Round "8"]
[White "McPhillips, Joseph"]
[Black "Urh, Zala"]
[Result "1-0"]
[WhiteElo "2399"]
[BlackElo "2248"]
[Annotator "NA"]
[PlyCount "77"]
[EventDate "2018.06.12"]
[EventType "swiss"]
[EventCountry "HUN"]
[SourceTitle "playchess.com"]
[Source "ChessBase"]
[SourceQuality "1"]
[TimeControl "40/5400+30:1800+30"]

1. e4 {[%emt 0:00:03]} e5 {[%emt 0:00:35]} 2. Nf3 {[%emt 0:00:08]} Nc6 {[%emt 0:00:02]} 3. d4 {[%emt 0:00:47]} exd4 {[%emt 0:00:38]} 4. Nxd4 {[%emt 0:00:06]} Nf6 {[%emt 0:01:13]} 5. Nxc6 {[%emt 0:00:08]} bxc6 {[%emt 0:00:38]} 6. Qe2 {[%emt 0:00:10] C45: Scotch Game} (6. Bd3 d5 7. exd5 cxd5 8. O-O Be7 9. h3 O-O 10. Re1 c5 11. Nd2 Bb7 12. Nf3 Bd6 13. c3 Qc7 14. Be3 Rfe8 15. Qc2 h6 16. Rad1 Rad8 {½-½ (40) Jobava,B (2663)-Ragger,M (2672) Brest 2018}) 6... Qe7 {[%emt 0:01:58]} 7. Nc3 {[%emt 0:00:45]} d5 {[%emt 0:06:22]} 8. exd5 {[%emt 0:00:39]} cxd5 {[%emt 0:03:14]} 9. Nb5 {[%emt 0:00:18]} Qxe2+ {[%emt 0:06:42]} 10. Bxe2 {[%emt 0:00:16]} Bb4+ {[%emt 0:00:19]} 11. c3 {[%emt 0:12:00]} Ba5 {[%emt 0:00:04]} 12. Bf4 {[%emt 0:00:29]} Rb8 $146 {[%emt 0:06:36]} ({Predecessor:} 12... c6 13. Nd4 Bd7 {1-0 (49) Timmermans,M (2387)-Bluhm,S (2235) Vlissingen 2016}) 13. b4 {[%emt 0:06:17]} Bb6 {[%emt 0:04:24]} 14. Nxc7+ {[%emt 0:04:37]} Bxc7 {[%emt 0:00:04]} 15. Bxc7 {[%emt 0:00:05]} Rb7 {[%emt 0:00:08]} 16. Be5 {[%emt 0:03:37]} O-O {[%emt 0:00:14]} 17. Bxf6 {[%emt 0:08:06]} gxf6 {[%emt 0:00:03]} 18. O-O-O {[%emt 0:00:18]} Be6 {[%emt 0:03:58]} 19. Rd4 {[%emt 0:01:49]} Rc8 {[%emt 0:07:49]} 20. Kb2 {[%emt 0:00:27]} Rbc7 {[%emt 0:00:07]} 21. Rc1 {[%emt 0:00:10]} Kf8 {[%emt 0:06:00]} 22. Bf3 {[%emt 0:03:08]} Rc4 {[%emt 0:00:54]} 23. Rxc4 {[%emt 0:01:17]} Rxc4 $18 {[%emt 0:01:16]} 24. Rd1 {[%emt 0:03:50]} Rh4 {[%emt 0:01:37]} 25. h3 {[%emt 0:03:13]} Rf4 {[%emt 0:00:53]} 26. Rd4 {[%emt 0:01:15]} Rf5 {[%emt 0:00:25]} 27. Kc1 {[%emt 0:03:51]} Re5 {[%emt 0:07:27]} 28. Kd2 {[%emt 0:00:23]} Ke7 {[%emt 0:00:12]} 29. Bd1 {[%emt 0:02:26]} Rg5 {[%emt 0:09:33]} 30. Bf3 {[%emt 0:03:07]} Kd6 {[%emt 0:05:20]} 31. h4 {[%emt 0:04:32]} Rf5 {[%emt 0:04:14]} 32. a4 {[%emt 0:02:33]} Kc7 {[%emt 0:02:13]} 33. a5 {[%emt 0:00:28]} Kd6 {[%emt 0:02:08]} 34. c4 {[%emt 0:04:41]} Ke5 {[%emt 0:02:06]} 35. Kc3 {[%emt 0:00:09]} dxc4 {[%emt 0:03:28]} 36. b5 {[%emt 0:00:50]} h5 {[%emt 0:03:41]} 37. b6 {[%emt 0:01:03]} axb6 {[%emt 0:00:07]} 38. axb6 {[%emt 0:00:31]} Bc8 {[%emt 0:00:07]} 39. Rd5+ {[%emt 0:00:46] Kxd5} 1-0

[Event "36th Balaton IM 2018"]
[Site "Balatonlelle"]
[Date "2018.06.19"]
[Round "8"]
[White "Klaric, Zlatko"]
[Black "Gorti, Akshita"]
[Result "0-1"]
[WhiteElo "2397"]
[BlackElo "2258"]
[Annotator "NA"]
[PlyCount "120"]
[EventDate "2018.06.12"]
[EventType "swiss"]
[EventCountry "HUN"]
[SourceTitle "playchess.com"]
[Source "ChessBase"]
[SourceQuality "1"]
[TimeControl "40/5400+30:1800+30"]

1. d4 {[%emt 0:00:04]} e6 {[%emt 0:00:39]} 2. Nf3 {[%emt 0:00:44]} d5 {[%emt 0:00:25]} 3. c3 {[%emt 0:01:56]} b6 {[%emt 0:07:15]} 4. Ne5 {[%emt 0:01:30]} Bb7 {[%emt 0:00:51]} 5. Bf4 {[%emt 0:00:43]} Nf6 {[%emt 0:01:10]} 6. e3 {[%emt 0:00:56]} Bd6 {[%emt 0:00:47]} 7. Nd2 {[%emt 0:00:46]} O-O {[%emt 0:00:37]} 8. Bg5 {[%emt 0:00:45]} c5 {[%emt 0:13:41]} 9. Bd3 {[%emt 0:00:44]} Be7 {[%emt 0:01:27]} 10. Bxf6 {[%emt 0:07:28]} Bxf6 {[%emt 0:00:34]} 11. Ndf3 {[%emt 0:01:34]} Nc6 {[%emt 0:08:54]} 12. h4 {[%emt 0:03:31]} Bxe5 {[%emt 0:07:37]} 13. dxe5 {[%emt 0:06:08]} f5 {[%emt 0:01:06]} 14. Ng5 {[%emt 0:05:53]} Qe8 {[%emt 0:01:43]} 15. f4 {[%emt 0:00:19]} h6 {[%emt 0:01:43]} 16. Nf3 {[%emt 0:00:15]} Rd8 {[%emt 0:01:00]} 17. Qe2 $15 {[%emt 0:03:59]} d4 {[%emt 0:07:37]} 18. O-O-O {[%emt 0:02:06]} dxc3 {[%emt 0:02:01]} 19. bxc3 {[%emt 0:00:25]} Na5 {[%emt 0:01:21]} 20. Bb5 {[%emt 0:04:12]} Qe7 {[%emt 0:00:33]} 21. Rd6 {[%emt 0:00:43]} Bxf3 {[%emt 0:11:53]} 22. gxf3 {[%emt 0:00:48]} Rxd6 {[%emt 0:00:22]} 23. exd6 {[%emt 0:00:03]} Qxd6 {[%emt 0:00:12]} 24. Rd1 {[%emt 0:00:26]} Qe7 {[%emt 0:00:10]} 25. Rd7 {[%emt 0:02:31]} Qxh4 {[%emt 0:02:30]} 26. Rxa7 {[%emt 0:08:55]} Rd8 {[%emt 0:05:38]} 27. Bd7 {[%emt 0:10:56]} Qe7 {[%emt 0:02:01]} 28. Qd3 {[%emt 0:00:57]} Kf8 {[%emt 0:04:19]} 29. Qb5 {[%emt 0:04:50]} Qd6 {[%emt 0:00:56]} 30. Kc2 {[%emt 0:02:01]} Nc4 {[%emt 0:03:40]} 31. Qxc4 {[%emt 0:00:37]} Rxd7 {[%emt 0:00:47]} 32. Rxd7 {[%emt 0:01:50]} Qxd7 {[%emt 0:00:01]} 33. e4 {[%emt 0:00:18]} h5 {[%emt 0:02:11]} 34. Qe2 {[%emt 0:01:21]} h4 {[%emt 0:00:52]} 35. Qh2 {[%emt 0:01:50]} Qe7 {[%emt 0:01:57]} 36. a4 {[%emt 0:03:39]} c4 {[%emt 0:01:18]} 37. Qh3 {[%emt 0:02:21]} g6 {[%emt 0:00:37]} 38. Kb2 {[%emt 0:04:37]} Qd8 {[%emt 0:01:21]} 39. Qh2 {[%emt 0:00:15]} Kg7 {[%emt 0:01:13]} 40. exf5 {[%emt 0:00:00]} exf5 {[%emt 0:00:29]} 41. Qe2 {[%emt 0:12:56]} Qc7 {[%emt 0:01:10]} 42. Qd2 {[%emt 0:07:07]} h3 {[%emt 0:11:55]} 43. Qh2 {[%emt 0:02:06]} Qd6 {[%emt 0:01:51]} 44. Qxh3 {[%emt 0:02:02]} Qd2+ {[%emt 0:00:10]} 45. Kb1 {[%emt 0:00:08]} Qd1+ {[%emt 0:00:10]} 46. Kb2 {[%emt 0:01:10]} Qb3+ {[%emt 0:00:04]} 47. Kc1 {[%emt 0:00:09]} Qxc3+ {[%emt 0:00:03]} 48. Kd1 {[%emt 0:00:48]} Qb3+ {[%emt 0:01:20]} 49. Ke2 {[%emt 0:01:19]} Qxa4 {[%emt 0:03:50]} 50. Qh4 {[%emt 0:03:34]} Qc2+ {[%emt 0:01:02]} 51. Ke1 {[%emt 0:03:13]} Qc3+ {[%emt 0:00:40]} 52. Ke2 {[%emt 0:00:22]} Qd3+ {[%emt 0:00:14]} 53. Kf2 {[%emt 0:00:10]} Qd6 {[%emt 0:02:23]} 54. Qh1 {[%emt 0:00:44]} c3 {[%emt 0:06:48]} 55. Qa1 {[%emt 0:00:49]} Qc5+ {[%emt 0:02:28]} 56. Kg3 {[%emt 0:02:41]} b5 {[%emt 0:00:16]} 57. Qd1 {[%emt 0:03:52]} Qc7 {[%emt 0:01:55]} 58. Qb1 {[%emt 0:02:09]} c2 {[%emt 0:01:22]} 59. Qa1+ {[%emt 0:00:07]} Kh7 {[%emt 0:00:19]} 60. Qh1+ {[%emt 0:00:25]} Kg8 {[%emt 0:00:04]} 0-1

[Event "36th Balaton IM 2018"]
[Site "Balatonlelle"]
[Date "2018.06.19"]
[Round "8"]
[White "Naumkin, Igor"]
[Black "Gungl, Theo"]
[Result "1/2-1/2"]
[WhiteElo "2383"]
[BlackElo "2237"]
[Annotator "NA"]
[PlyCount "33"]
[EventDate "2018.06.12"]
[EventType "swiss"]
[EventCountry "HUN"]
[SourceTitle "playchess.com"]
[Source "ChessBase"]
[SourceQuality "1"]
[TimeControl "40/5400+30:1800+30"]

1. d4 {[%emt 0:02:28]} d5 {[%emt 0:00:36]} 2. c4 {[%emt 0:00:05]} c6 {[%emt 0:00:04]} 3. Nf3 {[%emt 0:00:05]} Nf6 {[%emt 0:00:04]} 4. Nc3 {[%emt 0:00:17]} e6 {[%emt 0:00:06]} 5. e3 {[%emt 0:00:06]} Nbd7 {[%emt 0:00:05]} 6. Qc2 {[%emt 0:00:10]} Bd6 {[%emt 0:00:10]} 7. Bd3 {[%emt 0:00:06]} e5 {[%emt 0:00:32]} 8. cxd5 {[%emt 0:01:18]} cxd5 {[%emt 0:00:07]} 9. e4 {[%emt 0:09:04]} dxe4 {[%emt 0:03:08]} 10. Nxe4 {[%emt 0:00:30]} Nxe4 {[%emt 0:00:08]} 11. Bxe4 {[%emt 0:00:13]} Bb4+ {[%emt 0:04:28]} 12. Bd2 {[%emt 0:03:04]} Bxd2+ {[%emt 0:00:06]} 13. Qxd2 {[%emt 0:00:21]} Nf6 {[%emt 0:00:46]} 14. Bc2 {[%emt 0:00:42]} exd4 {[%emt 0:00:17]} 15. Qxd4 {[%emt 0:03:15]} Qe7+ {[%emt 0:11:24]} 16. Qe5 $11 {[%emt 0:05:02]} Qxe5+ {[%emt 0:00:05]} 17. Nxe5 {[%emt 0:00:07]} 1/2-1/2

[Event "36th Balaton IM 2018"]
[Site "Balatonlelle"]
[Date "2018.06.19"]
[Round "8"]
[White "Nagy, Bence"]
[Black "Saber, Yasser"]
[Result "1-0"]
[WhiteElo "2354"]
[BlackElo "2266"]
[Annotator "NA"]
[PlyCount "73"]
[EventDate "2018.06.12"]
[EventType "swiss"]
[EventCountry "HUN"]
[SourceTitle "playchess.com"]
[Source "ChessBase"]
[SourceQuality "1"]
[TimeControl "40/5400+30:1800+30"]

1. e4 {[%emt 0:00:03]} d6 {[%emt 0:00:35]} 2. d4 {[%emt 0:00:10]} Nf6 {[%emt 0:00:03]} 3. Nc3 {[%emt 0:00:17]} g6 {[%emt 0:00:09]} 4. Be3 {[%emt 0:00:17]} c6 {[%emt 0:01:21]} 5. Qd2 {[%emt 0:01:04]} b5 {[%emt 0:00:41]} 6. f3 {[%emt 0:00:20]} Qc7 {[%emt 0:00:49]} 7. g4 {[%emt 0:03:07]} h5 {[%emt 0:01:26]} 8. g5 {[%emt 0:00:21]} Nfd7 {[%emt 0:00:05]} 9. f4 {[%emt 0:15:09]} Bb7 {[%emt 0:12:03]} 10. Bd3 {[%emt 0:03:31]} b4 {[%emt 0:05:09]} 11. Nce2 {[%emt 0:03:51]} c5 {[%emt 0:02:31]} 12. c3 {[%emt 0:00:47]} bxc3 {[%emt 0:00:46]} 13. Nxc3 {[%emt 0:03:16]} Bg7 $11 {[%emt 0:01:23]} 14. d5 {[%emt 0:08:00]} O-O {[%emt 0:02:17]} 15. Nf3 {[%emt 0:00:37]} Ba6 {[%emt 0:08:50]} 16. O-O {[%emt 0:13:08]} Nb6 {[%emt 0:11:41]} 17. Bxa6 {[%emt 0:03:33]} Nxa6 {[%emt 0:00:03]} 18. Qe2 {[%emt 0:00:25]} Qc8 {[%emt 0:07:19]} 19. Rad1 {[%emt 0:07:38]} c4 {[%emt 0:01:52]} 20. Nd4 {[%emt 0:08:25]} Nc5 {[%emt 0:03:54]} 21. Nc6 {[%emt 0:02:13]} Re8 {[%emt 0:00:13]} 22. Bxc5 {[%emt 0:03:42]} dxc5 {[%emt 0:00:04]} 23. f5 {[%emt 0:01:00]} e6 {[%emt 0:03:43]} 24. f6 {[%emt 0:08:53]} Bf8 {[%emt 0:11:17]} 25. Ne5 {[%emt 0:00:09]} exd5 {[%emt 0:02:22]} 26. Nxg6 {[%emt 0:00:10]} Qg4+ {[%emt 0:03:17]} 27. Qxg4 {[%emt 0:00:06]} hxg4 {[%emt 0:00:07]} 28. exd5 {[%emt 0:00:32]} Bd6 {[%emt 0:00:54]} 29. Nb5 {[%emt 0:02:05]} Be5 {[%emt 0:07:03]} 30. Ne7+ {[%emt 0:02:26]} Kh7 {[%emt 0:03:11]} 31. Rde1 {[%emt 0:01:50]} Nd7 {[%emt 0:02:37]} 32. Re4 {[%emt 0:00:52]} a6 {[%emt 0:03:56]} 33. Na3 {[%emt 0:01:49]} Rxe7 {[%emt 0:04:19]} 34. fxe7 {[%emt 0:00:18]} Re8 {[%emt 0:00:05]} 35. Nxc4 {[%emt 0:00:35]} Rxe7 {[%emt 0:00:28]} 36. Nxe5 {[%emt 0:00:07]} Nxe5 {[%emt 0:00:56]} 37. Kg2 {[%emt 0:00:08]} 1-0